Football: les adversaires Français de l'AC Milan en Coupes d'Europe - Statistiques

Statistiques générales
  • Ce quiz a été pris 327 fois
  • Le résultat moyen est 8 sur 9
Statistiques - réponses
Réponse % Correct
Olympique de Marseille
100%
Paris SG
99%
Olympique Lyonnais
95%
Girondins de Bordeaux
91%
Lille OSC
90%
AS Monaco
88%
RC Lens
79%
AJ Auxerre
73%
RC Strasbourg
59%
Aucun quiz correspondant
Distribution des résultats
% des personnes avec chaque résultat
Percentile par nombre de réponses
Votre historique - résultats
Vous n’avez pas pris ce quiz